| 000 | 00719nam 22001933 4500 | ||
|---|---|---|---|
| 001 | 200548 | ||
| 090 | _a200548 | ||
| 100 | _a20260212d u||y0pory50 ba | ||
| 200 |
_aCurso de história universal _ehistória antiga _fFortunato de Almeida |
||
| 210 |
_aCoimbra _cFortunato de Almeida _d1918 |
||
| 215 |
_avol. 1 (300, [3] p.) _cencadernado _d22 cm |
||
| 300 | _a.- Livro do pai ( Benigno d' Almeida Faria) do Prof. Dr. Almeida Faria ,5 de Novembro de 1919 4º ano da Escola Nacional d' Agricultura de Coimbra | ||
| 606 |
_95059 _aHistória Antiga |
||
| 675 |
_a94(3) _vPT _zpor |
||
| 675 |
_a94(100) _vPT _zpor |
||
| 700 |
_97440 _aAlmeida _bFortunato de _f1869-1933 |
||
| 801 |
_aPT _bBMMN _gRPC |
||
| 830 |
_cAna _fAna |
||
| 990 | _cLIVROS | ||